000 01072nam0a22002651 4500
001 rc\4991075
005 20250613063302.0
021 _aRU
_b[66-40873]
035 _a(NLR Aleph) 008987639
090 _a9226018
_c9226018
100 _a20130430d1966 |||y0rusy50 ca
101 0 _arus
102 _aRU
105 _ab z |||||
200 1 _aОсновы теории и расчет океанических течений
_fГл. упр. гидрометеорол. службы при Совете Министров СССР. Ин-т прикладной геофизики
210 _aЛенинград
_cГидрометеоиздат
_d1966
215 _a123 с.
_cкарт.
_d21
320 _aБиблиогр.: с. 118-122 (109 назв.)
606 _aМорские течения
_2psbo
700 1 _7ca
_8rus
_aСаркисян
_bА. С.
_cд-р физ.-мат. наук
_f1926-
_gАртем Саркисович
_9159948
_3RU\NLR\AUTH\770159989
801 0 _aRU
_bNLR
_gpsbo
801 1 _aRU
_bELAR
_2rusmarc
852 _aNLR
_j66-5/2519
942 _cBOOK
980 _aNB